| 000 | 00542nam a2200169Ia 4500 | ||
|---|---|---|---|
| 005 | 20250508163513.0 | ||
| 008 | 008 250505s9999 xx 000 0 eng d | ||
| 037 | _aBooks to be hide in OPAC | ||
| 040 |
_aFEDL _beng _cFEDL |
||
| 041 |
_aeng _2eng |
||
| 084 |
_a312.954, CEN/O _qFEDL |
||
| 245 | 0 | _aCensus of India 1991:Provisional population totals: Rural-urban distribution. | |
| 300 | _a425p. | ||
| 490 | _aCensus of India 1991Series-1 India Paper 2 of 1991 | ||
| 942 |
_cHB _h312.954, CEN/O |
||
| 999 |
_c1383747 _d1383747 |
||